000 02818cim a22006253i 4500
001 ocn993940132
005 20200320205322.0
007 sd fsngnnmmned
008 170717s2017 nyunnnne f n eng d
020 _a9780739319291
020 _a0739319299
037 _a60c5ii
_bBlackstone Publishing
037 _a40c5ii
_bBlackstone Publishing
040 _aBLACP
_beng
_erda
_cBLACP
_dTOH
_dWYZ
_dOCLCF
049 _aWACL
050 4 _aPS3552.R685434
_bO75 2017ab
082 0 4 _a813/.54
_223
100 1 _aBrown, Dan,
_d1964-
_eauthor.
_943246
245 1 0 _aOrigin :
_ba novel /
_cDan Brown.
250 _aUnabridged.
264 1 _a[New York] :
_bPenguin Random House,
_c[2017]
300 _a13 audio discs :
_bCD audio, digital ;
_c4 3/4 in.
336 _aspoken word
337 _aaudio
338 _aaudio disc
344 _adigital
_boptical
_2rda
347 _aaudio file
_bCD audio
_2rda
490 0 _aThe Robert Langdon Series ;
_vBook 5
500 _aCompact discs.
520 _aRobert Langdon, Harvard professor of symbology and religious iconology, is in Spain for the unveiling of billionaire Edmond Kirsch's major discovery. But when the controversial presentation erupts into chaos, Langdon sets out to unlock Kirsch's secret.
650 0 _aLangdon, Robert (Fictitious character)
_vFiction.
_95734778
650 0 _aCryptographers
_vFiction.
_95699161
650 0 _aHuman beings
_xOrigin
_vFiction.
_95716274
650 7 _aFICTION / Thrillers / Suspense.
_2bisacsh
_95716084
650 7 _aFICTION / Action & Adventure.
_2bisacsh
_95673674
650 7 _aFICTION / Thrillers / Technological.
_2bisacsh
_95730512
650 4 _aSuspense / Thriller.
_95952562
650 7 _aCryptographers.
_2fast
_0(OCoLC)fst00884550
_95952563
650 7 _aHuman beings
_xOrigin.
_2fast
_0(OCoLC)fst00962855
_987269
650 7 _aLangdon, Robert (Fictitious character)
_2fast
_0(OCoLC)fst01749319
_95952564
655 7 _aAudiobooks.
_2lcgft
_95952565
655 7 _aThrillers (Fiction)
_2lcgft
_95697221
655 7 _aAction and adventure fiction.
_2lcgft
_95687309
655 7 _aSuspense fiction.
_2gsafd
_95952566
655 4 _aAudiobooks.
_95952565
655 4 _aFiction.
_95673940
655 7 _aAction and adventure fiction.
_2fast
_0(OCoLC)fst01921574
_95687309
655 7 _aAudiobooks.
_2fast
_0(OCoLC)fst01726208
_95952565
655 7 _aFiction.
_2fast
_0(OCoLC)fst01423787
_95673940
655 7 _aSuspense fiction.
_2fast
_0(OCoLC)fst01726755
_95952566
856 7 _3View cover art
_uhttp://midwesttapes.com/images/movies/000/000/000/011/728/000000000011728910.jpg
_2http
942 _cCD
_021
948 _a09/29/2017
_zSirsi
996 _a144702
_b34301001512393
_cCD
_dCD
_ewcl
_fi
_g21
_h45.00
_i.CIRCNOTE. 15 discs
_lblackstone
_mBro
_p10/16/2017
_q01/09/2020
_r01/02/2020
999 _c303940
_d303939